El Museo Romántico (Record no. 4414)
[ view plain ]
| 000 -CABECERA | |
|---|---|
| campo de control de longitud fija | 01067nam a2200313 a 4500 |
| 001 - NÚMERO DE CONTROL | |
| campo de control | BRCA_4716 |
| 005 - FECHA Y HORA DE LA ÚLTIMA TRANSACCIÓN | |
| campo de control | 20190320204756.0 |
| 008 - DATOS DE LONGITUD FIJA--INFORMACIÓN GENERAL | |
| campo de control de longitud fija | 051010s1950----sp-a######---#000-0#spa-# |
| 041 ## - CÓDIGO DE LENGUA | |
| Código de lengua del texto/banda sonora o título independiente | spa |
| 044 ## - CÓDIGO DEL PAÍS DE LA ENTIDAD EDITORA/PRODUCTORA | |
| Código MARC del país | sp |
| 050 #4 - SIGNATURA TOPOGRÁFICA DE LA BIBLIOTECA DEL CONGRESO | |
| Número de clasificación | N8220 |
| Número de documento/Ítem | .M87 1950 |
| 245 10 - MENCIÓN DE TÍTULO | |
| Título | El Museo Romántico |
| Mención de responsabilidad, etc. | prólogo de Luis M. Feduchi ; fotografías, Juan Pando ; introducción y notas, Mariano Rodríguez de Rivas. |
| 260 ## - PUBLICACIÓN, DISTRIBUCIÓN, ETC. | |
| Lugar de publicación, distribución, etc. | Madrid |
| Nombre del editor, distribuidor, etc. | Afrodisio Aguado |
| Fecha de publicación, distribución, etc. | 1950 |
| 300 ## - DESCRIPCIÓN FÍSICA | |
| Extensión | 98 p. |
| Otras características físicas | il., 74 láminas. |
| Dimensiones | 19 cm. |
| 440 #0 - MENCIÓN DE SERIE/PUNTO DE ACCESO ADICIONAL--TÍTULO | |
| Título | El ueble en España |
| Designación de volumen o secuencia | 3 |
| 9 (RLIN) | 11943 |
| 500 ## - NOTA GENERAL | |
| Nota general | Estado físico: Sobrecubierta deteriorada |
| 500 ## - NOTA GENERAL | |
| Nota general | Título en cubierta: El mueble romántico |
| 500 ## - NOTA GENERAL | |
| Nota general | CFG30 |
| 546 ## - NOTA DE LENGUA/LENGUAJE | |
| Nota de lengua/lenguaje | Texto en inglés y francés |
| 650 14 - PUNTO DE ACCESO ADICIONAL DE MATERIA--TÉRMINO DE MATERIA | |
| Término de materia o nombre geográfico como elemento de entrada | Muebles |
| Subdivisión geográfica | España |
| 9 (RLIN) | 3568 |
| 650 14 - PUNTO DE ACCESO ADICIONAL DE MATERIA--TÉRMINO DE MATERIA | |
| Término de materia o nombre geográfico como elemento de entrada | Objetos de arte |
| Subdivisión geográfica | España |
| 9 (RLIN) | 11944 |
| 650 14 - PUNTO DE ACCESO ADICIONAL DE MATERIA--TÉRMINO DE MATERIA | |
| Término de materia o nombre geográfico como elemento de entrada | Arte decorativo |
| Subdivisión geográfica | España |
| 9 (RLIN) | 11945 |
| 650 14 - PUNTO DE ACCESO ADICIONAL DE MATERIA--TÉRMINO DE MATERIA | |
| Término de materia o nombre geográfico como elemento de entrada | Museos de arte |
| 9 (RLIN) | 11946 |
| 700 1# - PUNTO DE ACCESO ADICIONAL--NOMBRE DE PERSONA | |
| Nombre de persona | Feduchi, Luis M. |
| Término indicativo de función/relación | Prologuista |
| 9 (RLIN) | 11947 |
| 700 1# - PUNTO DE ACCESO ADICIONAL--NOMBRE DE PERSONA | |
| Nombre de persona | Pando, Juan |
| Término indicativo de función/relación | Fotógrafo |
| 9 (RLIN) | 11948 |
| 700 1# - PUNTO DE ACCESO ADICIONAL--NOMBRE DE PERSONA | |
| Nombre de persona | Rodríguez de Rivas, Mariano |
| 9 (RLIN) | 11949 |
| 902 ## - CATALOGADOR | |
| Iniciales | GFM |
| 942 ## - ELEMENTOS DE PUNTO DE ACCESO ADICIONAL (KOHA) | |
| Fuente del sistema de clasificación o colocación | Library of Congress Classification |
| Tipo de ítem Koha | Libros |
| Estado de retiro | Estado de pérdida | Estado dañado | No para préstamo | Localización permanente | Ubicación/localización actual | Fecha de adquisición | Número de inventario | Total de préstamos | Signatura topográfica completa | Código de barras | Fecha visto por última vez | Precio válido a partir de | Tipo de ítem Koha |
|---|---|---|---|---|---|---|---|---|---|---|---|---|---|
| El ejemplar forma parte de la colección y puede ser consultado según las políticas vigentes. | Biblioteca del Museo Franz Mayer (Rogerio Casas-Alatriste) | Biblioteca del Museo Franz Mayer (Rogerio Casas-Alatriste) | 05/10/2010 | CFG30 | N8220 .M87 1950 (CFG30) | 4736 | 22/03/2019 | 22/03/2019 | Libros |